Music Quiz

Random Music or Album Quiz

Pendulum Songs by Album Quiz Stats

 Plays Quiz not verified by Sporcle

Score 0/57 Timer 07:00
0 Plays Today
% Correct
Propane Nightmares
91.9%
Watercolour
91.9%
The Island Pt. 1 (Dawn)
91.9%
The Island Pt. 2 (Dusk)
91.9%
Hold Your Colour
88.6%
Hold Your Colour
88.6%
Witchcraft
88.1%
Slam
84.7%
Slam
84.7%
Granite
84.3%
Granite
84.3%
Tarantula
81.4%
Tarantula
81.4%
The Vulture
80.9%
The Tempest
80.5%
The Tempest
80.5%
Voodoo People (Pendulum Remix)
79.2%
Blood Sugar
77.5%
Blood Sugar
77.5%
Showdown
75.4%
Showdown
75.4%
Self VS Self
74.2%
Crush
73.3%
The Encoder
72.5%
Fasten Your Seatbelt
72%
Fasten Your Seatbelt
72%
Genesis
72%
9000 Miles
71.6%
Salt In The Wounds
71.2%
% Correct
The Fountain
70.3%
Under The Waves
69.9%
Girl In The Fire
69.1%
Set Me On Fire
66.5%
The Other Side
66.1%
The Other Side
66.1%
Master Of Puppets
64.8%
Different
63.6%
Different
63.6%
Immunize
63.6%
Prelude
62.3%
Comprachicos
60.2%
Through The Loop
58.5%
Axle Grinder
57.6%
Midnight Runner
57.6%
Mutiny
57.2%
Another Planet
55.9%
Another Planet
55.9%
Another Planet
55.9%
Intro
53.4%
The Terminal
52.5%
Streamline
52.5%
Visions
50.8%
Sounds Of Life
48.7%
Plastic World
47%
Out Here
45.3%
Still Grey
44.5%
Countdown
28.8%

You're not logged in!

Compare scores with friends on all Sporcle quizzes.
OR
Log In

Show Comments

Extras

Created Oct 18, 2010ReportNominate
Tags:Album Quiz, Song Quiz

Top Quizzes Today


Score Distribution

Your Account Isn't Verified!

In order to create a playlist on Sporcle, you need to verify the email address you used during registration. Go to your Sporcle Settings to finish the process.

Report this User

Report this user for behavior that violates our Community Guidelines.

Details: